INTERNATIONAL POLITICS AND COMPARATIVE POLITICS (Record no. 7132)
[ view plain ]
| 000 -LEADER | |
|---|---|
| fixed length control field | 00467cam a2200181ua 4500 |
| 008 - FIXED-LENGTH DATA ELEMENTS--GENERAL INFORMATION | |
| fixed length control field | 120731n II |||gr||||Z||||||eng |
| 040 ## - CATALOGING SOURCE | |
| Original cataloging agency | MAIN |
| 041 ## - LANGUAGE CODE | |
| -- | English |
| 100 ## - MAIN ENTRY--PERSONAL NAME | |
| Personal name | SRIVASTAVA, L. S. |
| 245 ## - TITLE STATEMENT | |
| Title | INTERNATIONAL POLITICS AND COMPARATIVE POLITICS |
| 260 ## - PUBLICATION, DISTRIBUTION, ETC. | |
| Place of publication, distribution, etc. | [s.l]: |
| Name of publisher, distributor, etc. | GOEL PUBLISHER HOUSE, |
| Date of publication, distribution, etc. | 1994. |
| 300 ## - PHYSICAL DESCRIPTION | |
| Extent | 243: |
| Dimensions | 20CM. |
| 700 ## - ADDED ENTRY--PERSONAL NAME | |
| Personal name | APTER, BAVIAL. |
| 700 ## - ADDED ENTRY--PERSONAL NAME | |
| Personal name | ECKSTIEN, HARRY. |
| 942 ## - ADDED ENTRY ELEMENTS (KOHA) | |
| Koha item type | Books |
| 653 ## - INDEX TERM--UNCONTROLLED | |
| Uncontrolled term | INTERNATIONAL POLITICS |
| Withdrawn status | Lost status | Source of classification or shelving scheme | Damaged status | Not for loan | Collection code | Home library | Current library | Shelving location | Date acquired | Full call number | Barcode | Date last seen | Price effective from | Koha item type | Public note |
|---|---|---|---|---|---|---|---|---|---|---|---|---|---|---|---|
| Dewey Decimal Classification | TBPSC | Central Library and Information Centre Sibsagar Girls College | Central Library and Information Centre Sibsagar Girls College | POLITICAL SC BOOK RACK | 05.02.1997 | 327.3 SRI | 14728 | 29.05.2023 | 29.05.2023 | Books | V | ||||
| Dewey Decimal Classification | TBPSC | Central Library and Information Centre Sibsagar Girls College | Central Library and Information Centre Sibsagar Girls College | POLITICAL SC BOOK RACK | 05.02.1997 | 327.3 SRI | 14729 | 29.05.2023 | 29.05.2023 | Books | V |